[Event "Schaffhausen op"]
[Site "Schaffhausen"]
[Date "2024.01.14"]
[Round "4"]
[White "Chennaoui, Yasin"]
[Black "Weeks, Manuel William"]
[Result "1/2-1/2"]
[WhiteElo "2132"]
[BlackElo "2120"]
[PlyCount "94"]
[EventDate "2024.01.12"]
[EventType "swiss"]
[EventRounds "5"]
[EventCountry "SUI"]
[SourceTitle "CB04_2024"]
[SourceDate "2023.10.16"]
[SourceVersion "1"]
[SourceVersionDate "2023.10.16"]
[SourceQuality "1"]

1. d4 Nf6 2. Nf3 d5 3. Bf4 c5 4. e3 Nc6 5. c3 Qb6 6. Qb3 c4 7. Qc2 Bf5 8. Qc1 e6 9. Nbd2 h6 10. h3 Be7 11. Be2 Qd8 12. Ne5 Nxe5 13. Bxe5 0-0 14. b3 b5 15. a4 a6 16. 0-0 Qd7 17. Qb2 Bd6 18. axb5 axb5 19. bxc4 bxc4 20. Rxa8 Rxa8 21. Bxd6 Qxd6 22. Ra1 Rb8 23. Qc1 Qb6 24. Ra2 Ne4 25. Nxe4 Bxe4 26. Bf3 Qb1 27. Ra1 Qxc1+ 28. Rxc1 Bd3 29. g4 g5 30. Kg2 Rb3 31. Kg3 Kf8 32. Bg2 Ke7 33. f3 Ra3 34. h4 Kd6 35. hxg5 hxg5 36. e4 Ra2 37. exd5 exd5 38. Rh1 f6 39. f4 Ra3 40. fxg5 fxg5 41. Bf3 Rb3 42. Kf2 Rb2+ 43. Ke3 Rb3 44. Bd1 Ra3 45. Bf3 Rb3 46. Bd1 Rxc3 47. Bf3 Ra3 1/2-1/2

[Event "Schaffhausen op"]
[Site "Schaffhausen"]
[Date "2024.01.13"]
[Round "2"]
[White "Schmitz Buchholz, Daniel"]
[Black "Weeks, Manuel William"]
[Result "0-1"]
[WhiteElo "1687"]
[BlackElo "2120"]
[PlyCount "68"]
[EventDate "2024.01.12"]
[EventType "swiss"]
[EventRounds "5"]
[EventCountry "SUI"]
[SourceTitle "CB04_2024"]
[SourceDate "2023.10.16"]
[SourceVersion "1"]
[SourceVersionDate "2023.10.16"]
[SourceQuality "1"]

1. e4 c5 2. Nf3 Nc6 3. d4 cxd4 4. Nxd4 g6 5. c4 Nf6 6. Nc3 d6 7. Be2 Nxd4 8. Qxd4 Bg7 9. Be3 0-0 10. Qd3 Be6 11. Bd4 Qa5 12. 0-0 Rfc8 13. b3 Nd7 14. Bxg7 Kxg7 15. f4 Qc5+ 16. Kh1 f6 17. Rf3 a6 18. a4 Qb4 19. Nd5 Bxd5 20. exd5 Re8 21. Rg3 Qb6 22. h4 Nc5 23. Qf3 f5 24. h5 Ne4 25. h6+ Kxh6 26. Rh3+ Kg7 27. Kh2 Qd4 28. Rd1 Qf2 29. Rf1 Qxf3 30. Bxf3 Nd2 31. Rf2 Nxb3 32. Rb2 Nc5 33. Bd1 e5 34. fxe5 Rxe5 0-1

[Event "Politiken Cup 36th"]
[Site "Helsingor"]
[Date "2014.07.27"]
[Round "8"]
[White "Eriksson, Kristian"]
[Black "Weeks, Manuel William"]
[Result "1-0"]
[WhiteElo "2058"]
[BlackElo "2206"]
[PlyCount "81"]
[EventDate "2014.07.21"]
[EventType "swiss"]
[EventRounds "10"]
[EventCountry "DEN"]
[SourceTitle "CBM 161 Extra"]
[Source "ChessBase"]
[SourceDate "2014.08.29"]
[SourceVersion "1"]
[SourceVersionDate "2014.08.29"]
[SourceQuality "1"]

1. e4 e5 2. Nf3 Nc6 3. d4 exd4 4. Nxd4 Nf6 5. Nxc6 bxc6 6. e5 Qe7 7. Qe2 Nd5 8. c4 Ba6 9. Nd2 g6 10. b3 Bg7 11. Bb2 0-0 12. 0-0-0 Rfe8 13. Nf3 Nb6 14. Qd2 Rad8 15. Bd3 c5 16. Rhe1 Bb7 17. Be4 Bxe4 18. Rxe4 d5 19. cxd5 Rxd5 20. Qc2 c6 21. Ree1 Red8 22. Kb1 c4 23. Rxd5 cxd5 24. Nd4 Rc8 25. Qe2 Qc5 26. Rc1 Bh6 27. e6 Qe7 28. exf7+ Qxf7 29. Re1 c3 30. Bc1 Bg7 31. Be3 Qe7 32. Nc2 Re8 33. Qd3 Qd6 34. g3 d4 35. Rd1 Rd8 36. Bxd4 Qc7 37. Qe2 Qd6 38. Qd3 Qc7 39. Qe4 a5 40. Qe6+ Qf7 41. Qxb6 1-0

[Event "Politiken Cup 36th"]
[Site "Helsingor"]
[Date "2014.07.21"]
[Round "1"]
[White "Weeks, Manuel William"]
[Black "Arbeus, Carl Johan"]
[Result "1-0"]
[WhiteElo "2206"]
[BlackElo "1819"]
[PlyCount "57"]
[EventDate "2014.07.21"]
[EventType "swiss"]
[EventRounds "10"]
[EventCountry "DEN"]
[SourceTitle "CBM 161 Extra"]
[Source "ChessBase"]
[SourceDate "2014.08.29"]
[SourceVersion "1"]
[SourceVersionDate "2014.08.29"]
[SourceQuality "1"]

1. e4 e6 2. d4 d5 3. Nd2 dxe4 4. Nxe4 Nf6 5. Nxf6+ Qxf6 6. Nf3 Qd8 7. Bd3 Be7 8. Qe2 Nd7 9. Bd2 Nf6 10. 0-0-0 c6 11. Kb1 Bd7 12. Ne5 0-0 13. g4 g6 14. h4 b5 15. h5 Nd5 16. f4 Bf6 17. hxg6 fxg6 18. g5 Bxe5 19. Qxe5 Qc7 20. Bxg6 Qxe5 21. Bxh7+ Kg7 22. fxe5 Rf2 23. Bd3 Rh8 24. Rxh8 Kxh8 25. Rh1+ Kg8 26. Bc1 Nf4 27. Be4 Be8 28. Be3 Re2 29. Bh7+ 1-0

[Event "Erfurt op MT 23rd"]
[Site "Erfurt"]
[Date "2013.12.27"]
[Round "3"]
[White "Abel, Dennes"]
[Black "Weeks, Manuel William"]
[Result "1-0"]
[WhiteElo "2423"]
[BlackElo "2181"]
[PlyCount "73"]
[EventDate "2013.12.26"]
[EventType "swiss"]
[EventRounds "8"]
[EventCountry "GER"]
[SourceTitle "EXT 2016"]
[Source "ChessBase"]
[SourceDate "2015.10.08"]
[SourceVersion "1"]
[SourceVersionDate "2015.10.08"]
[SourceQuality "1"]

1. d4 Nf6 2. c4 e6 3. Nf3 Bb4+ 4. Bd2 Qe7 5. g3 Nc6 6. Bg2 Bxd2+ 7. Nbxd2 d6 8. e4 e5 9. d5 Nb8 10. 0-0 0-0 11. Ne1 a5 12. Nd3 Na6 13. Qc2 Nd7 14. a3 Ndc5 15. Nxc5 Nxc5 16. b4 Na6 17. Qc3 Bd7 18. Nb3 axb4 19. axb4 c6 20. c5 Rfc8 21. Rfc1 g6 22. Bf1 Nc7 23. Rxa8 Rxa8 24. cxd6 Qxd6 25. Nc5 Bc8 26. Nd3 f6 27. dxc6 b6 28. Nb2 Ne6 29. Bc4 Kg7 30. Bxe6 Bxe6 31. Rd1 Qc7 32. b5 Ra5 33. Qb4 Bf7 34. Nc4 Ra2 35. Nd6 Kg8 36. Kg2 h5 37. Nb7 1-0

[Event "BCF-chT3 0809 (4NCL)"]
[Site "Hinckley Island"]
[Date "2008.10.19"]
[Round "2.3"]
[White "Weeks, Manuel William"]
[Black "Elwin, Adrian G"]
[Result "1-0"]
[WhiteElo "2174"]
[BlackElo "2015"]
[PlyCount "79"]
[EventDate "2008.10.18"]
[EventType "team-swiss"]
[EventRounds "11"]
[EventCountry "ENG"]
[SourceTitle "EXT 2010"]
[Source "ChessBase"]
[SourceDate "2010.11.25"]
[SourceVersion "1"]
[SourceVersionDate "2010.11.25"]
[SourceQuality "1"]
[WhiteTeam "Leicester"]
[BlackTeam "FCA Solutions II"]
[WhiteTeamCountry "ENG"]
[BlackTeamCountry "ENG"]

1. e4 c6 2. d4 d5 3. Nc3 dxe4 4. Nxe4 Bf5 5. Ng3 Bg6 6. h4 h6 7. Nf3 e6 8. h5 Bh7 9. Bd3 Bxd3 10. Qxd3 Nd7 11. Bf4 Ngf6 12. 0-0-0 Be7 13. Ne4 Nxe4 14. Qxe4 Nf6 15. Qe2 Qa5 16. Kb1 Rd8 17. Ne5 Nd5 18. Bd2 Qb6 19. Qg4 Bf6 20. Rhe1 Nc7 21. c3 a5 22. Qg3 Nb5 23. Nc4 Qa6 24. Bf4 c5 25. Be5 Bxe5 26. Rxe5 0-0 27. Rxc5 Rd5 28. Rxd5 exd5 29. Ne3 Qe6 30. Qe5 Rd8 31. Nf5 Qxe5 32. dxe5 Kf8 33. f4 Nc7 34. g3 Ne6 35. Nd6 b6 36. Rxd5 g5 37. f5 Ng7 38. g4 Ne8 39. Rd4 f6 40. Nxe8 1-0

[Event "IRL-ch"]
[Site "Dublin"]
[Date "2008.07.13"]
[Round "9"]
[White "Short, Philip M"]
[Black "Weeks, Manuel William"]
[Result "1-0"]
[WhiteElo "2300"]
[BlackElo "2174"]
[PlyCount "85"]
[EventDate "2008.07.05"]
[EventType "swiss"]
[EventRounds "9"]
[EventCountry "IRL"]
[SourceTitle "CBM 125 Extra"]
[Source "ChessBase"]
[SourceDate "2008.09.01"]
[SourceVersion "1"]
[SourceVersionDate "2008.09.01"]
[SourceQuality "1"]

1. d4 Nf6 2. Nf3 e6 3. c4 Bb4+ 4. Bd2 Qe7 5. g3 Nc6 6. Bg2 Bxd2+ 7. Nbxd2 d6 8. 0-0 0-0 9. e4 e5 10. d5 Nb8 11. Ne1 a5 12. Nd3 Na6 13. a3 Bg4 14. f3 Bd7 15. b4 c6 16. dxc6 bxc6 17. Qc2 Nc7 18. c5 axb4 19. axb4 Be6 20. Nc4 Bxc4 21. Qxc4 d5 22. exd5 Nfxd5 23. Rxa8 Rxa8 24. Re1 Qg5 25. f4 exf4 26. Nxf4 h6 27. Nxd5 Nxd5 28. Bxd5 cxd5 29. Qd3 g6 30. Qd4 h5 31. b5 h4 32. Qf4 Qd8 33. b6 Qc8 34. Rc1 Ra2 35. gxh4 Qc6 36. Qd4 Qd7 37. Re1 Ra4 38. Qf2 Rg4+ 39. Kh1 d4 40. Qf3 Rxh4 41. b7 Qd8 42. Qb3 Qb8 43. Re8+ 1-0

[Event "IRL-ch"]
[Site "Dublin"]
[Date "2008.07.12"]
[Round "8"]
[White "Weeks, Manuel William"]
[Black "Fox, Anthony"]
[Result "1/2-1/2"]
[WhiteElo "2174"]
[BlackElo "2068"]
[PlyCount "97"]
[EventDate "2008.07.05"]
[EventType "swiss"]
[EventRounds "9"]
[EventCountry "IRL"]
[SourceTitle "CBM 125 Extra"]
[Source "ChessBase"]
[SourceDate "2008.09.01"]
[SourceVersion "1"]
[SourceVersionDate "2008.09.01"]
[SourceQuality "1"]

1. e4 e5 2. Nf3 Nc6 3. Bb5 a6 4. Ba4 Nf6 5. 0-0 Be7 6. Re1 b5 7. Bb3 d6 8. c3 0-0 9. h3 Bb7 10. d4 Re8 11. Nbd2 Bf8 12. d5 Nb8 13. Nf1 Nbd7 14. N3h2 Nc5 15. Bc2 c6 16. b4 Ncd7 17. dxc6 Bxc6 18. Bg5 h6 19. Bxf6 Nxf6 20. Ng4 Nxg4 21. Qxg4 Rc8 22. Bb3 Bd7 23. Qh5 Be6 24. Re3 g6 25. Qd1 Rc6 26. Rg3 Kh7 27. Rf3 Bg7 28. Qd3 Qc7 29. Bd5 Bxd5 30. Qxd5 Re7 31. Rd1 Rxc3 32. Rxc3 Qxc3 33. Qxd6 Re6 34. Qd2 Qxd2 35. Rxd2 Bf8 36. a3 Rd6 37. Rxd6 Bxd6 38. Ne3 Kg7 39. Nd5 f5 40. f3 Kf7 41. Kf2 f4 42. Ke2 g5 43. Kd3 Ke6 44. Kc3 h5 45. Kb3 h4 46. a4 Kd7 47. Nf6+ Ke6 48. Nd5 Kd7 49. Nc3 1/2-1/2

[Event "Monarch Assurance 16th"]
[Site "Port Erin"]
[Date "2007.09.28"]
[Round "7"]
[White "Zozulia, Anna"]
[Black "Weeks, Manuel William"]
[Result "1-0"]
[WhiteElo "2332"]
[BlackElo "2200"]
[PlyCount "103"]
[EventDate "2007.09.22"]
[EventType "swiss"]
[EventRounds "9"]
[EventCountry "IOM"]
[SourceTitle "CBM 120 Extra"]
[Source "ChessBase"]
[SourceDate "2007.11.01"]
[SourceVersion "1"]
[SourceVersionDate "2007.11.01"]
[SourceQuality "1"]

1. e4 e5 2. Nf3 Nc6 3. Bb5 a6 4. Ba4 Nf6 5. 0-0 Be7 6. Re1 b5 7. Bb3 d6 8. c3 0-0 9. h3 Na5 10. Bc2 c5 11. d4 Nd7 12. Nbd2 cxd4 13. cxd4 Nc6 14. Nf1 exd4 15. Nxd4 Nxd4 16. Qxd4 Ne5 17. Qd1 Bf6 18. Ne3 Be6 19. f4 Nc4 20. f5 Nxe3 21. Bxe3 Bc8 22. e5 Bxe5 23. Be4 Rb8 24. Ba7 Rb7 25. Bxb7 Bxb7 26. Qd2 Qf6 27. Rad1 Qxf5 28. Bd4 Qf6 29. Bxe5 dxe5 30. Qd6 Qxd6 31. Rxd6 f6 32. Rc1 Be4 33. Rc7 h5 34. Kh2 Kh7 35. Rxa6 Kh6 36. Raa7 Rg8 37. b4 h4 38. a4 bxa4 39. Rxa4 Rd8 40. b5 f5 41. Ra2 Rd3 42. Rb2 Rg3 43. Kg1 f4 44. b6 f3 45. Rc4 Bb7 46. Rxh4+ Kg5 47. Rg4+ Rxg4 48. hxg4 e4 49. gxf3 exf3 50. Rc2 Kf4 51. Rc7 Ba6 52. Kf2 1-0

[Event "Monarch Assurance 16th"]
[Site "Port Erin"]
[Date "2007.09.26"]
[Round "5"]
[White "Marks, Ian Alexander"]
[Black "Weeks, Manuel William"]
[Result "1/2-1/2"]
[WhiteElo "1914"]
[BlackElo "2200"]
[PlyCount "42"]
[EventDate "2007.09.22"]
[EventType "swiss"]
[EventRounds "9"]
[EventCountry "IOM"]
[SourceTitle "CBM 120 Extra"]
[Source "ChessBase"]
[SourceDate "2007.11.01"]
[SourceVersion "1"]
[SourceVersionDate "2007.11.01"]
[SourceQuality "1"]

1. e4 e5 2. Nf3 Nc6 3. Bb5 a6 4. Ba4 Nf6 5. 0-0 Nxe4 6. d4 b5 7. Bb3 d5 8. dxe5 Be6 9. Qe2 Be7 10. Rd1 0-0 11. c4 bxc4 12. Bxc4 Bc5 13. Be3 Bxe3 14. Qxe3 Qb8 15. Bb3 Qb6 16. Qe2 Rad8 17. Nc3 Nxc3 18. bxc3 Qb5 19. Qe3 Bg4 20. Nd4 Nxd4 21. Rxd4 Be6 1/2-1/2

[Event "Monarch Assurance 16th"]
[Site "Port Erin"]
[Date "2007.09.25"]
[Round "4"]
[White "Weeks, Manuel William"]
[Black "Majer, Christopher"]
[Result "1/2-1/2"]
[WhiteElo "2200"]
[BlackElo "2041"]
[PlyCount "178"]
[EventDate "2007.09.22"]
[EventType "swiss"]
[EventRounds "9"]
[EventCountry "IOM"]
[SourceTitle "CBM 120 Extra"]
[Source "ChessBase"]
[SourceDate "2007.11.01"]
[SourceVersion "1"]
[SourceVersionDate "2007.11.01"]
[SourceQuality "1"]

1. e4 d5 2. exd5 Qxd5 3. Nc3 Qd8 4. d4 Nf6 5. Bc4 c6 6. Nf3 b5 7. Bb3 e6 8. 0-0 a5 9. a4 b4 10. Ne2 Be7 11. Re1 0-0 12. Nf4 Nd5 13. Nd3 Nd7 14. Nde5 Bb7 15. Nxd7 Qxd7 16. Ne5 Qc7 17. Qh5 c5 18. Be3 Rad8 19. c3 Nf6 20. Qh3 Bd5 21. Bc2 Bb7 22. Bg5 g6 23. Bh6 cxd4 24. Bxf8 Bxf8 25. Bb3 Bd5 26. cxd4 Bxb3 27. Qxb3 Rxd4 28. Rad1 Rxd1 29. Qxd1 Bd6 30. Qe2 Nd5 31. g3 Bxe5 32. Qxe5 Qc2 33. h4 h5 34. Qb8+ Kg7 35. Qe5+ Kg8 36. Kg2 Qxa4 37. Rc1 Qe8 38. Qd6 Qa8 39. Qc6 Qxc6 40. Rxc6 a4 41. Ra6 a3 42. bxa3 bxa3 43. Rxa3 Kg7 44. Kf3 Kf6 45. Ra7 Ne7 46. Ke4 Nf5 47. Kd3 Nh6 48. Ra5 Ng4 49. Ke2 Nh6 50. Kf3 Ng4 51. Kg2 Nh6 52. Kh3 Nf5 53. f3 Nd4 54. Ra4 Nf5 55. g4 hxg4+ 56. fxg4 Nd6 57. Kg3 Kg7 58. Ra6 Nc8 59. Kf4 Kf6 60. g5+ Kg7 61. Ke5 Ne7 62. Ra4 Nf5 63. Rb4 Ne7 64. Kd6 Nf5+ 65. Ke5 Ne7 66. Rc4 Nf5 67. Re4 Ng3 68. Rb4 Nf5 69. Ra4 Ne7 70. Kd6 Nf5+ 71. Ke5 Ne7 72. Kf4 Nf5 73. Kg4 Ne3+ 74. Kh3 Nf5 75. Re4 Nd6 76. Re1 Nf5 77. Kg4 Kh7 78. Kf4 Kg7 79. Kg4 Kh7 80. Re4 Nh6+ 81. Kf4 Nf5 82. Ke5 Kg7 83. Rf4 Ne7 84. Kd6 Nf5+ 85. Kd7 Kf8 86. Ra4 Kg7 87. Ke8 Nd6+ 88. Kd7 Nf5 89. Rf4 Kf8 1/2-1/2

[Event "Monarch Assurance 16th"]
[Site "Port Erin"]
[Date "2007.09.23"]
[Round "2"]
[White "Bradford, Joseph M"]
[Black "Weeks, Manuel William"]
[Result "1/2-1/2"]
[WhiteElo "2406"]
[BlackElo "2200"]
[PlyCount "48"]
[EventDate "2007.09.22"]
[EventType "swiss"]
[EventRounds "9"]
[EventCountry "IOM"]
[SourceTitle "CBM 120 Extra"]
[Source "ChessBase"]
[SourceDate "2007.11.01"]
[SourceVersion "1"]
[SourceVersionDate "2007.11.01"]
[SourceQuality "1"]

1. Nf3 Nf6 2. c4 e6 3. g3 d5 4. Bg2 Be7 5. d4 0-0 6. 0-0 dxc4 7. Qc2 a6 8. Qxc4 b5 9. Qc2 Bb7 10. Bg5 Nbd7 11. Bxf6 Nxf6 12. Nbd2 Rc8 13. Nb3 c5 14. dxc5 Be4 15. Qc1 a5 16. Rd1 Qc7 17. Qf4 a4 18. Qxc7 Rxc7 19. Nbd4 Rxc5 20. Ne1 Bxg2 21. Kxg2 Rd8 22. e3 b4 23. Rd3 g6 24. Rad1 Rdc8 1/2-1/2

[Event "Liverpool op"]
[Site "Liverpool"]
[Date "2007.09.07"]
[Round "7"]
[White "Weeks, Manuel William"]
[Black "Armstrong, Malcolm J"]
[Result "1/2-1/2"]
[WhiteElo "2200"]
[BlackElo "2126"]
[PlyCount "81"]
[EventDate "2007.09.03"]
[EventType "swiss"]
[EventRounds "9"]
[EventCountry "ENG"]
[SourceTitle "CBM 120 Extra"]
[Source "ChessBase"]
[SourceDate "2007.11.01"]
[SourceVersion "1"]
[SourceVersionDate "2007.11.01"]
[SourceQuality "1"]

1. e4 e6 2. d4 d5 3. Nd2 Nf6 4. e5 Nfd7 5. Bd3 c5 6. c3 Nc6 7. Ne2 cxd4 8. cxd4 f6 9. exf6 Nxf6 10. 0-0 Bd6 11. Nf3 0-0 12. Bg5 Qc7 13. Bh4 Nh5 14. Rc1 g6 15. Bb5 a6 16. Bxc6 bxc6 17. Re1 Bd7 18. Ng3 Ng7 19. Ne5 Rac8 20. Qd2 Be8 21. b4 Qb8 22. Rb1 Qa7 23. Bg5 a5 24. a3 axb4 25. axb4 Rb8 26. Be3 Qe7 27. Nd3 Bd7 28. Bg5 Qf7 29. Ne5 Bxe5 30. Rxe5 Rb7 31. Qe2 Rfb8 32. Bd2 Ne8 33. Nf1 Nd6 34. Ne3 Qg7 35. Ng4 Nc4 36. Bh6 Qf7 37. Bg5 Kg7 38. Nh6 Qf8 39. Ng4 Qf7 40. Nh6 Qf8 41. Ng4 1/2-1/2

[Event "Liverpool op"]
[Site "Liverpool"]
[Date "2007.09.06"]
[Round "6"]
[White "Carleton, John Joseph"]
[Black "Weeks, Manuel William"]
[Result "1/2-1/2"]
[WhiteElo "2322"]
[BlackElo "2200"]
[PlyCount "83"]
[EventDate "2007.09.03"]
[EventType "swiss"]
[EventRounds "9"]
[EventCountry "ENG"]
[SourceTitle "CBM 120 Extra"]
[Source "ChessBase"]
[SourceDate "2007.11.01"]
[SourceVersion "1"]
[SourceVersionDate "2007.11.01"]
[SourceQuality "1"]

1. d4 Nf6 2. c4 e6 3. Nc3 Bb4 4. f3 0-0 5. e4 d5 6. e5 Nfd7 7. a3 Bxc3+ 8. bxc3 dxc4 9. f4 Nb6 10. a4 a5 11. Nf3 Nc6 12. Qc2 f5 13. exf6 Qxf6 14. g3 Qf5 15. Qe2 Bd7 16. Nh4 Qf7 17. Bg2 Ne7 18. 0-0 Ned5 19. Nf3 Qf5 20. Ne5 Bxa4 21. g4 Qc2 22. Qe1 Qxc3 23. Bxd5 Qxd4+ 24. Be3 Qxd5 25. Bxb6 cxb6 26. Rxa4 Qd4+ 27. Kg2 b5 28. Rxa5 Qd5+ 29. Kg3 b6 30. Rxa8 Rxa8 31. Qb4 Ra2 32. Rf2 Rxf2 33. Kxf2 Qd4+ 34. Kf3 g5 35. Qe1 Qxf4+ 36. Kg2 b4 37. Qe2 c3 38. Qb5 Qd2+ 39. Kh3 Qe3+ 40. Kg2 Qd2+ 41. Kh3 Qe3+ 42. Kg2 1/2-1/2

[Event "Liverpool op"]
[Site "Liverpool"]
[Date "2007.09.05"]
[Round "4"]
[White "Pass, Deborah"]
[Black "Weeks, Manuel William"]
[Result "0-1"]
[WhiteElo "2044"]
[BlackElo "2200"]
[PlyCount "40"]
[EventDate "2007.09.03"]
[EventType "swiss"]
[EventRounds "9"]
[EventCountry "ENG"]
[SourceTitle "CBM 120 Extra"]
[Source "ChessBase"]
[SourceDate "2007.11.01"]
[SourceVersion "1"]
[SourceVersionDate "2007.11.01"]
[SourceQuality "1"]

1. e4 c5 2. b4 cxb4 3. a3 d5 4. exd5 Nf6 5. Bb5+ Bd7 6. Bc4 Bg4 7. f3 Bf5 8. axb4 Nxd5 9. Ra5 e6 10. Bxd5 exd5 11. Qe2+ Be6 12. Nc3 Be7 13. Qb5+ Nc6 14. Nge2 0-0 15. Ra4 Qd7 16. 0-0 a6 17. Qb6 Rfc8 18. Kh1 Bd8 19. Qf2 b5 20. Ra1 d4 0-1

[Event "Liverpool op"]
[Site "Liverpool"]
[Date "2007.09.04"]
[Round "3"]
[White "MacDonald, Paul"]
[Black "Weeks, Manuel William"]
[Result "1/2-1/2"]
[WhiteElo "2050"]
[BlackElo "2200"]
[PlyCount "73"]
[EventDate "2007.09.03"]
[EventType "swiss"]
[EventRounds "9"]
[EventCountry "ENG"]
[SourceTitle "CBM 120 Extra"]
[Source "ChessBase"]
[SourceDate "2007.11.01"]
[SourceVersion "1"]
[SourceVersionDate "2007.11.01"]
[SourceQuality "1"]

1. d4 Nf6 2. c4 e6 3. Nc3 Bb4 4. Qc2 0-0 5. a3 Bxc3+ 6. Qxc3 Ne4 7. Qc2 f5 8. Nf3 b6 9. e3 Bb7 10. Bd3 d6 11. Bd2 Nd7 12. Bc3 Qf6 13. 0-0-0 Qg6 14. Ne1 c5 15. f3 Nxc3 16. Qxc3 Rac8 17. Kb1 Qf6 18. Nc2 d5 19. Qb3 f4 20. cxd5 exd5 21. Bb5 Nb8 22. dxc5 bxc5 23. e4 c4 24. Bxc4 dxc4 25. Qxb7 Nc6 26. Nb4 Nxb4 27. axb4 Kh8 28. Rd7 Rb8 29. Qxa7 Rxb4 30. Qd4 Rfb8 31. Qxf6 gxf6 32. Kc1 c3 33. Kc2 cxb2 34. Rb1 Rc8+ 35. Kd1 Rg8 36. Rd2 Rgb8 37. Rd7 1/2-1/2

[Event "Liverpool op"]
[Site "Liverpool"]
[Date "2007.09.03"]
[Round "1"]
[White "Weeks, Manuel William"]
[Black "Glud, Jakob Vang"]
[Result "0-1"]
[WhiteElo "2200"]
[BlackElo "2424"]
[PlyCount "78"]
[EventDate "2007.09.03"]
[EventType "swiss"]
[EventRounds "9"]
[EventCountry "ENG"]
[SourceTitle "CBM 120 Extra"]
[Source "ChessBase"]
[SourceDate "2007.11.01"]
[SourceVersion "1"]
[SourceVersionDate "2007.11.01"]
[SourceQuality "1"]

1. e4 e5 2. Nf3 Nc6 3. Bb5 a6 4. Ba4 Nf6 5. 0-0 Be7 6. Re1 b5 7. Bb3 0-0 8. h3 d6 9. c3 Nb8 10. d4 Nbd7 11. Nbd2 Bb7 12. Bc2 c5 13. d5 g6 14. Nf1 Nh5 15. Bh6 Ng7 16. g4 c4 17. Ng3 a5 18. Qd2 Rb8 19. Kh2 Bf6 20. Rg1 Kh8 21. Rg2 Rg8 22. Rag1 b4 23. Ng5 Qe7 24. h4 Ba6 25. Bb1 bxc3 26. bxc3 a4 27. h5 a3 28. Qe3 Rb2 29. Nf3 Qd8 30. Ng5 Bxg5 31. Bxg5 f6 32. hxg6 fxg5 33. Nf5 Qf6 34. gxh7 Rgb8 35. Qa7 Nxf5 36. exf5 Nc5 37. Qc7 R2b7 38. Qa5 Rb5 39. Qc7 Rc8 0-1

[Event "Hoogeveen Essent op"]
[Site "Hoogeveen"]
[Date "2006.10.24"]
[Round "5"]
[White "Weeks, Manuel William"]
[Black "Hendriks, Willy"]
[Result "0-1"]
[WhiteElo "2247"]
[BlackElo "2438"]
[PlyCount "80"]
[EventDate "2006.10.21"]
[EventType "swiss"]
[EventRounds "9"]
[EventCountry "NED"]
[SourceTitle "EXT 2007"]
[Source "ChessBase"]
[SourceDate "2006.11.23"]
[SourceVersion "1"]
[SourceVersionDate "2006.11.23"]
[SourceQuality "1"]

1. e4 d6 2. d4 Nf6 3. Nc3 g6 4. Nf3 Bg7 5. Be2 0-0 6. 0-0 Bg4 7. Be3 Nc6 8. Qd3 e5 9. d5 Ne7 10. Rad1 Bd7 11. Nd2 Ne8 12. f4 f5 13. Qc4 Kh8 14. fxe5 dxe5 15. Qb4 Nd6 16. Nc4 Nec8 17. Bc5 a5 18. Qb3 b5 19. Nxd6 cxd6 20. Be3 b4 21. Nb1 Nb6 22. Nd2 Qc7 23. Qd3 Na4 24. Rb1 Rac8 25. Rfc1 Nc5 26. Qc4 Qb7 27. exf5 gxf5 28. Qh4 Qxd5 29. Bc4 Qb7 30. Qe7 Qc6 31. Qh4 d5 32. Bf1 f4 33. Bf2 e4 34. Nb3 Nxb3 35. cxb3 Qxc1 36. Rxc1 Rxc1 37. Be1 d4 38. h3 d3 39. Bd2 Bd4+ 40. Kh2 Rxf1 0-1

[Event "Hoogeveen Essent op"]
[Site "Hoogeveen"]
[Date "2005.10.25"]
[Round "5"]
[White "Weeks, Manuel William"]
[Black "Vul, Arkadi Eremeevich"]
[Result "1/2-1/2"]
[WhiteElo "2268"]
[BlackElo "2423"]
[PlyCount "39"]
[EventDate "2005.10.21"]
[EventType "swiss"]
[EventRounds "9"]
[EventCountry "NED"]
[SourceTitle "EXT 2006"]
[Source "ChessBase"]
[SourceDate "2005.11.24"]
[SourceVersion "1"]
[SourceVersionDate "2005.11.24"]
[SourceQuality "1"]

1. e4 e5 2. Nf3 Nc6 3. Bb5 g6 4. d4 exd4 5. c3 Nge7 6. Bg5 Bg7 7. cxd4 0-0 8. Nc3 h6 9. Bh4 g5 10. Bg3 d5 11. exd5 Nxd5 12. 0-0 Bg4 13. Bxc6 bxc6 14. Rc1 Rb8 15. b3 Rb4 16. Nxd5 Qxd5 17. Rc5 Qd7 18. Qd2 Rb5 19. Rxb5 cxb5 20. Ne5 1/2-1/2

[Event "Hamburg Junge op"]
[Site "Hamburg"]
[Date "2005.10.08"]
[Round "8"]
[White "Weeks, Manuel William"]
[Black "De Andres Gonalons, Fernando"]
[Result "1/2-1/2"]
[WhiteElo "2268"]
[BlackElo "2071"]
[PlyCount "107"]
[EventDate "2005.10.01"]
[EventType "swiss"]
[EventRounds "9"]
[EventCountry "GER"]
[SourceTitle "CBM 108 Extra"]
[Source "ChessBase"]
[SourceDate "2005.11.04"]
[SourceVersion "1"]
[SourceVersionDate "2005.11.04"]
[SourceQuality "1"]

1. e4 e6 2. d4 d5 3. Nd2 dxe4 4. Nxe4 Nd7 5. Bd3 Ngf6 6. Qe2 c5 7. dxc5 Nxc5 8. Nxc5 Bxc5 9. Bd2 Qc7 10. 0-0-0 Bd7 11. Nf3 Bd6 12. Nd4 0-0 13. g4 Bf4 14. g5 Nd5 15. Qe4 g6 16. h4 Qe5 17. Qxe5 Bxe5 18. Ne2 Rac8 19. h5 Rc7 20. Rh4 Rfc8 21. Kb1 Bc6 22. Ng3 Ne7 23. Ne4 Nf5 24. Rh3 Bxe4 25. Bxe4 Rd7 26. Bd3 a6 27. Rdh1 b5 28. a3 Bd4 29. f4 Nd6 30. hxg6 hxg6 31. b3 Bg7 32. Bc1 Rdc7 33. Rh7 Bc3 34. Bd2 Kf8 35. Bxc3 Rxc3 36. Rd1 R3c6 37. Re1 Ke8 38. Re2 R8c7 39. Rh8+ Kd7 40. Rg8 Rc5 41. Ra8 R5c6 42. Rh2 Rc8 43. Ra7+ R8c7 44. Rxc7+ Rxc7 45. Kc1 Rc6 46. Kd2 a5 47. Rh8 Rc8 48. Rh7 Rc5 49. Ke3 b4 50. a4 Rd5 51. Rh2 e5 52. fxe5 Rxe5+ 53. Kd2 Rc5 54. Rf2 1/2-1/2

[Event "Solingen op-A"]
[Site "Solingen"]
[Date "2005.05.28"]
[Round "4"]
[White "Weeks, Manuel William"]
[Black "Meier, Tobias"]
[Result "1-0"]
[WhiteElo "2238"]
[BlackElo "2186"]
[PlyCount "63"]
[EventDate "2005.05.26"]
[EventType "swiss"]
[EventRounds "7"]
[EventCountry "GER"]
[SourceTitle "EXT 2006"]
[Source "ChessBase"]
[SourceDate "2005.11.24"]
[SourceVersion "1"]
[SourceVersionDate "2005.11.24"]
[SourceQuality "1"]

1. e4 c5 2. Nf3 e6 3. Nc3 a6 4. g3 b5 5. Bg2 Bb7 6. d4 cxd4 7. Nxd4 Qc7 8. 0-0 d6 9. Re1 Nd7 10. Bg5 Ngf6 11. a4 b4 12. Nd5 exd5 13. exd5+ Kd8 14. Nc6+ Bxc6 15. dxc6 Nc5 16. Bxf6+ gxf6 17. Qd4 Be7 18. Qxb4 h5 19. Qc4 Ne6 20. b4 h4 21. b5 hxg3 22. hxg3 f5 23. Qc3 Rg8 24. Qb3 Rb8 25. Rab1 Qb6 26. Rxe6 f4 27. a5 Qc5 28. b6 Rc8 29. c7+ Kd7 30. Re2 Qxa5 31. Qxf7 Qg5 32. Qe6+ 1-0